ARRUPE JESUIT UNIVERSITY

CORONAVIRUS -STOP THE SPREAD - CLEAN,DISINFECT,COVER

General relativity and cosmology. (Record no. 123035)

MARC details
000 -LEADER
fixed length control field 00804nam a22002531 4500
001 - CONTROL NUMBER
control field 4056413
003 - CONTROL NUMBER IDENTIFIER
control field ARRUPE
005 - DATE AND TIME OF LATEST TRANSACTION
control field 20150722145541.0
008 - FIXED-LENGTH DATA ELEMENTS--GENERAL INFORMATION
fixed length control field 850322s1956 enka b 000 0 eng
010 ## - LIBRARY OF CONGRESS CONTROL NUMBER
LC control number 57004483
040 ## - CATALOGING SOURCE
Original cataloging agency DLC/ICU
Transcribing agency ICU
Modifying agency DLC
050 00 - LIBRARY OF CONGRESS CALL NUMBER
Classification number QC6
Item number .M3247 1956a
082 00 - DEWEY DECIMAL CLASSIFICATION NUMBER
Classification number 530.1
300 ## - PHYSICAL DESCRIPTION
Other physical details diagrs., tables.
Dimensions 26 cm.
100 1# - MAIN ENTRY--PERSONAL NAME
Personal name McVittie, George C.
Fuller form of name (George Cunliffe)
9 (RLIN) 18518
245 10 - TITLE STATEMENT
Title General relativity and cosmology.
260 ## - PUBLICATION, DISTRIBUTION, ETC. (IMPRINT)
Place of publication, distribution, etc London,
Name of publisher, distributor, etc Chapman & Hall,
Date of publication, distribution, etc 1956.
300 ## - PHYSICAL DESCRIPTION
Extent x, 198 p.
440 #4 - SERIES STATEMENT/ADDED ENTRY--TITLE
Title The International astrophysics series ;
Volume number/sequential designation v. 4
9 (RLIN) 18519
504 ## - BIBLIOGRAPHY, ETC. NOTE
Bibliography, etc "References and notes": p. 190-193.
650 #0 - SUBJECT ADDED ENTRY--TOPICAL TERM
Topical term or geographic name as entry element General relativity (Physics)
9 (RLIN) 13794
650 #0 - SUBJECT ADDED ENTRY--TOPICAL TERM
Topical term or geographic name as entry element Cosmology.
9 (RLIN) 18520
906 ## - LOCAL DATA ELEMENT F, LDF (RLIN)
a 7
b cbc
c orignew
d u
e ocip
f 19
g y-gencatlg
942 ## - ADDED ENTRY ELEMENTS (KOHA)
Source of classification or shelving scheme Library of Congress Classification
Koha item type Monograph ( Printed materials)
Holdings
Withdrawn status Lost status Source of classification or shelving scheme Damaged status Not for loan Collection code Home library Current library Shelving location Date acquired Total Checkouts Full call number Barcode Date last seen Price effective from Koha item type
    Library of Congress Classification     Main Collection ARRUPE LIBRARY ARRUPE LIBRARY Main Collection 22/07/2015   QC6 .M3247 1956a 46500004380 02/07/2019 22/07/2015 Monograph ( Printed materials)

 

Arrupe Library. PO Box MP320 Mt Pleasant, Harare, Zimbabwe
263 242 745411|librarian@aju.ac.zw